Wood Residue Utilization Act : hearings before the Subcommittee on Forests of the Committee on Agriculture, House of Representatives, Ninety-sixth Congress, first and second sessions ... Sept. 12 and Nov. 15, 1979, and Mar. 11, 1980.

Bibliographic Details
Corporate Author: United States. Congress. House. Committee on Agriculture. Subcommittee on Forests
Format: Microform Book
Language:English
Published: Washington [D.C.] : U.S. G.P.O., 1980.
Series:Energy and agriculture. GEN 292.
Subjects:

MARC

Tag First Indicator Second Indicator Subfields
LEADER 00000cam a2200000La 4500
001 in00001014513
005 20150927225323.0
007 he amb024baca
007 he umb---buca
008 830727r19841980ncu bl f00010 eng d
035 |a (OCoLC)16800658 
035 |9 AFE1698AM 
037 |a CL0091000002  |b University Microfilms International 
037 |b University Microfilms International, 300 N. Zeeb Rd., Ann Arbor, MI 48106 
040 |a UMI  |c UMI  |d UtOrBLW 
043 |a n-us--- 
049 |a TXAI 
099 |a fiche  |a S  |a 104  |a GEN 292 
110 1 |a United States.  |b Congress.  |b House.  |b Committee on Agriculture.  |b Subcommittee on Forests. 
245 1 0 |a Wood Residue Utilization Act :  |b hearings before the Subcommittee on Forests of the Committee on Agriculture, House of Representatives, Ninety-sixth Congress, first and second sessions ... Sept. 12 and Nov. 15, 1979, and Mar. 11, 1980. 
264 1 |a Washington [D.C.] :  |b U.S. G.P.O.,  |c 1980. 
300 |a iv, 226 pages ;  |c 24 cm. 
336 |a text  |b txt  |2 rdacontent 
337 |a microform  |b h  |2 rdamedia 
338 |a microfiche  |b he  |2 rdacarrier 
500 |a Hearings on H.R. 4313 and other bills. 
500 |a "Serial number 96-YY." 
533 |a Microfiche.  |b Sanford, N.C. :  |c Microfilming Corp. of America,  |d 1984.  |e 3 sheets ; 11 x 15 cm.  |f (Energy and agriculture : 1984 ; GEN 292) 
500 |a Microform. 
650 0 |a Renewable energy sources  |x Law and legislation  |z United States. 
650 0 |a Biomass energy  |z United States. 
651 0 |a United States  |x Forest policy. 
830 0 |a Energy and agriculture.  |n 1984 ;  |v GEN 292. 
999 |a MARS 
999 f f |s 974daab7-d633-34b6-b9dd-edf6d45b01ef  |i 5849c5c7-21e2-3470-aed6-05944906584e  |t 0 
952 f f |p default  |a Texas A&M University  |b College Station  |c Sterling C. Evans Library  |d Evans: Microforms (3rd floor)  |t 0  |e fiche S 104 GEN 292  |h Other scheme  |i microform -- microfiche 
998 f f |a fiche S 104 GEN 292  |t 0  |l Evans: Microforms (3rd floor)